000 00508nam a2200181Ia 4500
008 090123s9999 xx 000 0 und d
082 _b5992
100 _aइंगळे मधुकर
245 _aदेवयानी
250 _a1
260 _bनारायण मुद्रणालय
300 _a24
600 _aइंगळे मधुकर
630 _aदेवयानी
700 _aइंगळे मधुकर
730 _aदेवयानी
942 _cBOOK
999 _c44056
_d44056